000
00361nam a2200145Ia 4500
008
231129s1998||||xx |||||||||||||| ||spa||
020
_a
958-30-0493-6
040
_b
spa
082
_a
792.02 V712m
100
_a
Villa Jaime
245
0
_a
Manual de teatro
260
_c
1998
264
_a
Panamericana
942
_2
ddc
_c
BKS
999
_c
20462
_d
20462